| 000 | 00659nam a2200253Ia 4500 | ||
|---|---|---|---|
| 008 | 170203s9999 xx 000 0 und d | ||
| 020 | _a0-439163676 | ||
| 050 | _aFic | ||
| 050 | _b.D131g 1985 | ||
| 100 | _aDahl, Roald | ||
| 245 | 4 | _aThe Giraffe and the Pelly and Me / | |
| 245 | _cRoald Dahl ; illustrated by Quentin Blake. | ||
| 260 | _aNew York : | ||
| 260 | _bScholastic Inc. | ||
| 260 | _c1985 | ||
| 300 | _a79 pages; | ||
| 300 | _bcolor illustrations ; | ||
| 650 | _a Giraffe -- | ||
| 650 | _aMonkeys -- | ||
| 650 | _aPelicans -- | ||
| 650 | _xJuvenile fiction. | ||
| 650 | _xJuvenile fiction. | ||
| 650 | _xJuvenile fiction. | ||
| 999 |
_c306163 _d306163 |
||